Itzy Songs that Start with the First Letter of the Members Names - Statistics

General Stats
  • This quiz has been taken 180 times
    146 since last reset
  • The average score is 5 of 12
Answer Stats
Member Answer % Correct
Cake
69%
Cheshire
68%
Lia Loco
68%
Run Away
58%
Yuna and Yeji Yet but
50%
Cherry
41%
LOVE is
39%
Crown on my Head
36%
Ryujin Racer
35%
You make me
30%
Chaeryeong Can't tie me down
28%
Chilling Chilling
10%
No matching quizzes found
Score Distribution
Percent of People with Each Score
Percentile by Number Answered
Your Score History
You have not taken this quiz since the last reset